| 000 | 00725nam a22002417a 4500 | ||
|---|---|---|---|
| 005 | 20251108172447.0 | ||
| 008 | 250721s9999 xx 000 0 ara d | ||
| 082 | 1 | 4 | _a909/ويل |
| 100 | 1 | _aويلز، هـ.ج | |
| 245 | 1 | 0 | _aموجز تاريخ العالم / |
| 250 | _aط2 | ||
| 264 | 1 |
_aالقاهرة : _bالهيئة المصرية، |
|
| 300 | _a447ص. | ||
| 490 | 0 | _aالألف كتاب الثاني | |
| 650 | 1 | 7 | _aالعالم |
| 650 | 1 | 7 | _aالتاريخ |
| 650 | 1 | 7 | _aالتاريخ القديم |
| 650 | 1 | 7 | _aتاريخ أوروبا |
| 650 | 1 | 7 | _aالحربالعالمية الأولى |
| 700 | 1 |
_aجاويد، عبدالعزيز توفيق _eمترجم |
|
| 942 |
_2ddc _cBK |
||
| 999 |
_c79905 _d79905 |
||